The real Tripitaka, and other pieces

में बचाया:
ग्रंथसूची विवरण
मुख्य लेखक: Waley, Arthur
स्वरूप: पुस्तक
भाषा:Undetermined
प्रकाशित: London Allen and Unwin 1952
विषय:
टैग : टैग जोड़ें
कोई टैग नहीं, इस रिकॉर्ड को टैग करने वाले पहले व्यक्ति बनें!
Thư viện lưu trữ: Trung tâm Học liệu Trường Đại học Cần Thơ
LEADER 00487nam a2200193Ia 4500
001 CTU_90163
008 210402s9999 xx 000 0 und d
082 |a 895.1 
082 |b W169 
100 |a Waley, Arthur 
245 4 |a The real Tripitaka, and other pieces 
245 0 |c Arthur Waley 
260 |a London 
260 |b Allen and Unwin 
260 |c 1952 
650 |a Tales 
650 |z China 
904 |i Năm,Hải 
980 |a Trung tâm Học liệu Trường Đại học Cần Thơ